200 suosituinta naisten nimeä alkukirjaimella S - Statistics

Yleistilastot
  • Tätä visaa on pelattu 608 kertaa
  • Keskiarvotulos 72 / 200
Vastaustilastot
% Oikein
Sanna
94%
Saara
93%
Sari
92%
Sanni
91%
Salla
87%
Siiri
87%
Sonia
87%
Sonja
87%
Sonya
87%
Saana
86%
Sini
86%
Sara
85%
Sarah
85%
Seija
85%
Susa
85%
Susan
85%
Susann
85%
Suzan
85%
Susanna
84%
Sofi
83%
Silja
82%
Sofia
82%
Sofiia
82%
Sophia
82%
Saija
79%
Senni
79%
Senja
77%
Salli
76%
Sally
76%
Sirpa
76%
Satu
75%
Seela
75%
Selma
75%
Sinikka
74%
Suvi
74%
Saimi
72%
Sirkka
72%
Sylvi
72%
Saila
70%
Silvia
69%
Sohvi
69%
Sylvia
69%
Saima
68%
Susanne
67%
Suzanne
67%
Soile
65%
Soili
65%
Saaga
63%
Säde
63%
Sade
63%
Saga
63%
Sinna
63%
Soila
62%
Siina
61%
Sina
61%
Siri
60%
Sirkku
60%
Sisko
60%
Sirja
59%
Salme
58%
Siru
55%
Sarita
54%
Siv
54%
Siw
54%
Selja
53%
Sani
51%
Sointu
51%
Sorja
50%
Sanja
48%
Senna
48%
Sivi
48%
Stella
48%
Selina
47%
Sanelma
45%
Sella
44%
Solja
43%
Saini
42%
Sana
42%
Stiina
42%
Stina
42%
Sarianna
41%
Sanna-Mari
40%
Silva
38%
Sylva
38%
Sirkka-Liisa
36%
Suoma
36%
Siviä
35%
Sinja
34%
Sandra
33%
Santra
33%
Sarianne
32%
Selena
32%
Salma
30%
Silla
30%
Sera
29%
Sanna-Maria
28%
Sanna-Leena
27%
Signe
27%
Sofie
26%
Sophie
26%
Sunna
26%
Suvi-Tuuli
25%
Serena
24%
Salla-Mari
23%
Sallamari
23%
Sarina
23%
Serafiina
23%
Serafina
23%
Sirke
23%
Sanna-Kaisa
22%
Sanne
22%
Sissi
22%
Sole
22%
Samiira
21%
Samira
21%
Sanna-Liisa
21%
Sanna-Maija
21%
Sirpa-Liisa
21%
Synnöve
21%
Sabina
20%
Suna
20%
Salome
18%
Samantha
18%
Sarika
18%
Satu-Maria
18%
Sofianna
18%
Solveig
18%
Soma
18%
Svetlana
18%
Svitlana
18%
Sabrin
17%
Simona
17%
Sirje
17%
Sabrina
16%
Salla-Maria
16%
Sheila
16%
Sira
15%
Simone
14%
Suvi-Tuulia
14%
Sabine
13%
Seea
13%
Sesilia
13%
Sigrid
13%
Silmu
13%
Seena
12%
Svea
12%
Sue
11%
Saara-Maria
10%
Selene
10%
Sharon
10%
Seidi
9%
Seija-Liisa
9%
Sienna
9%
Sima
9%
Sarlotta
7%
Sasha
7%
Silpa
7%
Stefanie
7%
Stephanie
7%
Suvi-Maria
7%
Sahar
6%
Sahra
6%
Saida
6%
Sara-Sofia
6%
Saskia
6%
Seelia
6%
Safira
5%
Serafia
5%
Sorella
5%
Safa
4%
Sarri
4%
Soraja
4%
Soraya
4%
Safia
3%
Safiya
3%
Satu-Maarit
3%
Savanna
3%
Savannah
3%
Seita
3%
Stefania
3%
Saba
1%
Sadia
1%
Samia
1%
Scarlett
1%
Soja
1%
Suvi-Päivikki
1%
Sagal
0%
Sakina
0%
Samsam
0%
Seynab
0%
Shirin
0%
Shukri
0%
Sibel
0%
Sidra
0%
Sihaam
0%
Siham
0%
Solbritt
0%
Suad
0%
Sumaya
0%
Sundus
0%
Ehtoja vastaavia visoja ei löytynyt
Tulosjakauma
Jokaisen tuloksen saaneiden osuus
Persentiili vastausten määrän mukaan
Tuloshistoriasi
Et ole pelannut tätä visaa